Normal view
MARC view
- Computer-Aided Engineering (CAD, SMME) and Design
Entry Topical Term
001 - CONTROL NUMBER
- control field: 81559
003 - CONTROL NUMBER IDENTIFIER
- control field: NUST
005 - DATE AND TIME OF LATEST TRANSACTION
- control field: 20210817152749.0
008 - FIXED-LENGTH DATA ELEMENTS
- fixed length control field: 210817|| aca||aabn | a|a d
040 ## - CATALOGING SOURCE
- Original cataloging agency: NUST
- Transcribing agency: NUST
150 ## - HEADING--TOPICAL TERM
- Topical term or geographic name entry element: Computer-Aided Engineering (CAD, SMME) and Design
670 ## - SOURCE DATA FOUND
- Source citation: Work cat.: (NUST)32933: Gajski, Daniel D. author. 81556, Embedded System Design
